<?xml version="1.0" encoding="UTF-8"?>
<record
    xmlns:xsi="http://www.w3.org/2001/XMLSchema-instance"
    xsi:schemaLocation="http://www.loc.gov/MARC21/slim http://www.loc.gov/standards/marcxml/schema/MARC21slim.xsd"
    xmlns="http://www.loc.gov/MARC21/slim">

  <leader>02226njm a2200397Ia 4500</leader>
  <controlfield tag="001">24664</controlfield>
  <controlfield tag="003">IT-RoPAU</controlfield>
  <controlfield tag="005">20220918181119.0</controlfield>
  <controlfield tag="008">131025s9999    xx            000 0 und d</controlfield>
  <datafield tag="040" ind1=" " ind2=" ">
    <subfield code="a">IT-RoPAU</subfield>
  </datafield>
  <datafield tag="040" ind1=" " ind2=" ">
    <subfield code="c">IT-RoPAU</subfield>
  </datafield>
  <datafield tag="041" ind1=" " ind2=" ">
    <subfield code="a">ITALIANO</subfield>
  </datafield>
  <datafield tag="999" ind1=" " ind2=" ">
    <subfield code="c">99659</subfield>
    <subfield code="d">99659</subfield>
  </datafield>
  <datafield tag="999" ind1=" " ind2=" ">
    <subfield code="b">n.d.</subfield>
  </datafield>
  <datafield tag="100" ind1=" " ind2=" ">
    <subfield code="a">AA.VV.</subfield>
    <subfield code="9">794</subfield>
  </datafield>
  <datafield tag="100" ind1=" " ind2=" ">
    <subfield code="e">Autore musica</subfield>
    <subfield code="9">11486</subfield>
  </datafield>
  <datafield tag="100" ind1=" " ind2=" ">
    <subfield code="g">Codice autore musica SPICS: 12000</subfield>
    <subfield code="9">796</subfield>
  </datafield>
  <datafield tag="245" ind1=" " ind2=" ">
    <subfield code="a">Memoria di Milano</subfield>
  </datafield>
  <datafield tag="250" ind1=" " ind2=" ">
    <subfield code="a">1a ed.</subfield>
  </datafield>
  <datafield tag="260" ind1=" " ind2=" ">
    <subfield code="a">TORINO</subfield>
  </datafield>
  <datafield tag="260" ind1=" " ind2=" ">
    <subfield code="b">FONIT CETRA</subfield>
    <subfield code="c">1972 [1a Ed.:1972]</subfield>
  </datafield>
  <datafield tag="300" ind1=" " ind2=" ">
    <subfield code="a">DISCO</subfield>
  </datafield>
  <datafield tag="300" ind1=" " ind2=" ">
    <subfield code="c">62 minuti (Testo:  pag.)</subfield>
  </datafield>
  <datafield tag="500" ind1=" " ind2=" ">
    <subfield code="a">Musica poplare, folk. Canzoni popolari</subfield>
  </datafield>
  <datafield tag="505" ind1=" " ind2=" ">
    <subfield code="a">El portafoeuj - Se otto ore - Porta Romana - Pin pin cavallin auliul&#xE8; - Serafin aveva un zifolo - Santa Caterina - El pover Luisin - Teresina ven debass - La Balilla - Spazzacamino - Donne, donne - Bell'uselin del bosch - Stamattina mi sono alzata - Donna lombarda - Crappapelada - La vilotta - Mamma mia mi sont stuffa - Ragazzine vi prego ascoltare - La roeuda gira  (2:00) - Vetrine (2:00) - La nebbia (2:00) - Faceva il palo [(Il palo dell'Ortica) (3:00)] - El me ligera (4:00)</subfield>
  </datafield>
  <datafield tag="650" ind1=" " ind2=" ">
    <subfield code="a">FOLK POPOLARE [DISCHI]</subfield>
    <subfield code="e">Codice MATERIA SPICS: 9950</subfield>
    <subfield code="9">11487</subfield>
  </datafield>
  <datafield tag="700" ind1=" " ind2=" ">
    <subfield code="a">Monti Maria</subfield>
    <subfield code="g">Codice interprete SPICS: 13641</subfield>
    <subfield code="e">Interprete</subfield>
    <subfield code="9">11488</subfield>
  </datafield>
  <datafield tag="700" ind1=" " ind2=" ">
    <subfield code="a">Antonacci</subfield>
    <subfield code="g">Codice autore musica SPICS: 27524</subfield>
    <subfield code="e">Autore musica</subfield>
    <subfield code="p">La roeuda gira</subfield>
    <subfield code="9">11489</subfield>
  </datafield>
  <datafield tag="700" ind1=" " ind2=" ">
    <subfield code="a">Sigismondi Carlo</subfield>
    <subfield code="g">Codice autore testo/musica SPICS: 8799</subfield>
    <subfield code="e">Autore testo/musica</subfield>
    <subfield code="p">La roeuda gira</subfield>
    <subfield code="9">11490</subfield>
  </datafield>
  <datafield tag="700" ind1=" " ind2=" ">
    <subfield code="a">Monti Maria</subfield>
    <subfield code="g">Codice autore musica SPICS: 13641</subfield>
    <subfield code="e">Autore musica</subfield>
    <subfield code="p">Vetrine - La nebbia</subfield>
    <subfield code="9">11491</subfield>
  </datafield>
  <datafield tag="700" ind1=" " ind2=" ">
    <subfield code="a">Gaber Giorgio</subfield>
    <subfield code="g">Codice autore testo/musica SPICS: 10906</subfield>
    <subfield code="e">Autore testo/musica</subfield>
    <subfield code="p">Vetrine - La nebbia</subfield>
    <subfield code="9">11492</subfield>
  </datafield>
  <datafield tag="700" ind1=" " ind2=" ">
    <subfield code="a">Valdi Walter</subfield>
    <subfield code="g">Codice autore musica SPICS: 13642</subfield>
    <subfield code="e">Autore musica</subfield>
    <subfield code="p">Faceva il palo (Il palo dell'Ortica)</subfield>
    <subfield code="9">11493</subfield>
  </datafield>
  <datafield tag="700" ind1=" " ind2=" ">
    <subfield code="a">Jannacci Enzo</subfield>
    <subfield code="g">Codice autore testo/musica SPICS: 10956</subfield>
    <subfield code="e">Autore testo/musica</subfield>
    <subfield code="p">Faceva il palo (Il palo dell'Ortica)</subfield>
    <subfield code="9">11494</subfield>
  </datafield>
  <datafield tag="700" ind1=" " ind2=" ">
    <subfield code="a">Carpi Fiorenzo</subfield>
    <subfield code="g">Codice autore musica SPICS: 13640</subfield>
    <subfield code="e">Autore musica</subfield>
    <subfield code="p">El me ligera</subfield>
    <subfield code="9">11495</subfield>
  </datafield>
  <datafield tag="700" ind1=" " ind2=" ">
    <subfield code="a">Fo Dario</subfield>
    <subfield code="g">Codice autore testo/musica SPICS: 6571</subfield>
    <subfield code="e">Autore testo/musica</subfield>
    <subfield code="p">El me ligera</subfield>
    <subfield code="9">11496</subfield>
  </datafield>
  <datafield tag="942" ind1=" " ind2=" ">
    <subfield code="c">MD</subfield>
    <subfield code="2">ddc</subfield>
  </datafield>
  <datafield tag="952" ind1=" " ind2=" ">
    <subfield code="0">0</subfield>
    <subfield code="1">0</subfield>
    <subfield code="4">0</subfield>
    <subfield code="6">24664_000000000000000</subfield>
    <subfield code="7">1</subfield>
    <subfield code="a">SPICS</subfield>
    <subfield code="b">SPICS</subfield>
    <subfield code="d">2013-10-25</subfield>
    <subfield code="l">0</subfield>
    <subfield code="o">24664</subfield>
    <subfield code="r">2013-10-25 00:00:00</subfield>
    <subfield code="w">2013-10-25</subfield>
    <subfield code="y">MD</subfield>
    <subfield code="z">Progr. Ins.: 5359 / N.Vol.: 2 / Copie: 1 - Copia rara: n.d. / date import: 01.01.2014 - By Epidotti, Trombetti, Vaglietti</subfield>
  </datafield>
</record>
